000 00584nam a2200169Ia 4500
005 20250923145017.0
008 008 250917s9999 xx 000 0 eng d
037 _aTextual
040 _aDSWL
_beng
_cDSWL
041 _aeng
_2eng
084 _aX8(M7):996.236N64t4, N65
_qDSWL
100 _aChawla, Sudhakar
_9830828
245 2 _aA study of the immigrant worker in the textile industry at Faridabad
_cby Sudhakar Chawla
260 _aDelhi
_b School of Social Work
_c1965
942 _cTEXL
_hX8(M7):996.236N64t4, N65
999 _c1446017
_d1446017